Sports Quiz

Random Sports Quiz
Score 0/200 Timer 20:00
0 Plays Today
Player % Correct
Brett Favre
96.2%
Brett Favre
96.2%
Peyton Manning
96.1%
Peyton Manning
96.1%
Emmitt Smith
94.1%
Emmitt Smith
94.1%
Emmitt Smith
94.1%
Bruce Smith
93.8%
Lee Smith
93.7%
Dan Marino
92.9%
Dan Marino
92.9%
Jerry Rice
92.2%
Jerry Rice
92.2%
Jerry Rice
92.2%
Magic Johnson
91.5%
Randy Johnson
91.3%
Randy Johnson
91.3%
Walter Johnson
91.2%
Barry Bonds
89.7%
Barry Bonds
89.7%
Michael Jordan
88.8%
Michael Jordan
88.8%
Babe Ruth
88.1%
Babe Ruth
88.1%
Cy Young
86.9%
Steve Young
86.9%
Hank Aaron
85.9%
Hank Aaron
85.9%
Drew Brees
84.9%
Drew Brees
84.9%
K. Abdul-Jabbar
84.5%
K. Abdul-Jabbar
84.5%
K. Abdul-Jabbar
84.5%
Pete Rose
83%
Pete Rose
83%
John Stockton
81.4%
John Stockton
81.4%
Wilt Chamberlain
81.4%
Wilt Chamberlain
81.4%
Wayne Gretzky
80.9%
Wayne Gretzky
80.9%
Walter Payton
80.5%
Walter Payton
80.5%
Terrell Owens
80.2%
Gary Payton
80%
Rickey Henderson
78.8%
Mark Jackson
77.8%
Joe Jackson
77.7%
Wayne Gretzky
77.6%
Barry Sanders
77.3%
Tim Brown
77.1%
Karl Malone
76.3%
Moses Malone
76.1%
Nolan Ryan
75.6%
Kobe Bryant
74.8%
Terrell Owens
74.7%
Reggie White
73.7%
Tom Brady
72.6%
Ted Williams
72%
Tom Brady
71.7%
Willie Mays
71.5%
Alex Rodriguez
70.2%
Ty Cobb
70%
Ty Cobb
70%
Ty Cobb
70%
Ty Cobb
70%
Kerry Wood
69.3%
Player % Correct
L. Tomlinson
69.1%
Mariano Rivera
69%
Tiger Woods
67.7%
Jason Kidd
67%
Trevor Hoffman
66.6%
Gary Anderson
66.6%
Lakers
65.4%
Celtics
63.9%
Roger Clemens
60.2%
Giants
60%
Giants
60%
Patrick Roy
59.7%
Bill Russell
59.7%
Martin Brodeur
59.6%
Packers
59.4%
Martin Brodeur
57.6%
Jaromir Jagr
57.3%
Peyton Manning
55.9%
Jack Nicklaus
55.8%
Joe Torre
55.6%
Curtis Martin
55%
Randy Moss
54.8%
Red Wings
54.1%
Bill Belichick
53.8%
Canadiens
53.7%
Bears
53.1%
Hakeem Olajuwon
52.4%
Steelers
51.8%
Gordie Howe
51.1%
Dodgers
51.1%
Russell Wilson
50.4%
Cubs
50%
Larry Robinson
49.4%
Maple Leafs
49%
Michael Strahan
48.8%
Rangers
48.6%
Adam Vinatieri
48.1%
Bruins
47.5%
Knicks
46.3%
Tony LaRussa
46.3%
Brett Hull
46.2%
Cardinals
45%
Don Shula
43%
Richard Petty
42.9%
Rod Woodson
42.7%
Morten Andersen
41.7%
Mark Messier
41.7%
Lou Brock
41.6%
Bobby Orr
41.6%
Isaac Bruce
41.1%
Jimmie Foxx
41%
Randy Moss
39.9%
Bobby Cox
39.5%
Dikembe Mutombo
39.5%
Lou Gehrig
39.5%
Tim Duncan
39.4%
Aaron Rodgers
39%
76ers
37.9%
Hawks
37.4%
Redskins
37.2%
L. Tomlinson
36.4%
Braves
36.2%
Steve Nash
35%
Tony Gonzalez
34.9%
K. Riley/C. Woodson
34.7%
Pat Riley
33.8%
Scotty Bowman
32.3%
Player % Correct
Tom Landry
32.2%
Tony Romo
32.1%
Jason Kidd
31.4%
Stan Musial
31.3%
Stan Musial
31.3%
Lenny Wilkens
31.2%
Jason Hanson
31.1%
Pete Alexander
31%
Pedro Martinez
30.9%
Billy Wagner
29.8%
Don Nelson
29.5%
Steve Carlton
27.4%
Rogers Hornsby
24.9%
Jerry Sloan
24.4%
Connie Mack
24.2%
Christy Mathewson
24.1%
Ben Hogan
24%
Kevin Greene
23.4%
Max Scherzer
21.9%
John Carney
21.6%
Tris Speaker
21.3%
Tris Speaker
21.3%
Dick Lane
20.9%
George Halas
20%
Gary Player
19.7%
Tim Raines
19.4%
Mark Eaton
17.4%
John Franco
17.1%
Elvin Hayes
17%
Joel Quenneville
16.4%
Roberto Luongo
16.4%
John McGraw
15.8%
Terry Sawchuk
14.8%
Chris Sale
14.5%
Craig Biggio
14.5%
Ed Belfour
13.6%
Curtis Joseph
13.5%
Raymond Bourque
13.4%
Ken Hitchcock
13.2%
Raymond Bourque
13%
Bert Blyleven
12.9%
Glenn Hall
12.7%
Ron Francis
12.5%
George Karl
12.4%
Jeff Gordon
12.3%
Marcel Dionne
12.1%
Curly Lambeau
11.2%
Paul Coffey
11.1%
Walter Hagen
10.7%
Jacques Plante
10.6%
Brian Mitchell
10.2%
Maurice Cheeks
9.8%
Paul Krause
8.6%
Darrell Waltrip
8.4%
Bobby Allison
7.7%
Billy Hamilton
7.4%
Pud Galvin
7%
Chris Doleman
6.6%
Al Arbour
6.5%
Lindy Ruff
5.8%
Bobby Clarke
5.1%
Ed Delahanty
4.9%
David Pearson
4.7%
Emlen Tunnell
3.9%
Lefty O'Doul
3.4%
George Hainsworth
2.3%

You're not logged in!

Compare scores with friends on all Sporcle quizzes.
OR
Log In

Sporcle TV

Today on Sporcle TV


Watch our educational content, quiz creation guides, and fun videos on Sporcle TV.

Show Comments

Extras

Top Quizzes Today


Score Distribution

Paid Content

Your Account Isn't Verified!

In order to create a playlist on Sporcle, you need to verify the email address you used during registration. Go to your Sporcle Settings to finish the process.

Report this User

Report this user for behavior that violates our Community Guidelines.

Details: